| 000 | 00437nam a2200181Ia 4500 | ||
|---|---|---|---|
| 003 | GCL | ||
| 008 | 140319s9999 xx 000 0 eng d | ||
| 040 |
_aGCL / _cGCL |
||
| 082 | 0 | 4 |
_a371.33 _bD F |
| 100 | 1 | _aDRY, CHRIS | |
| 245 | 1 | 0 |
_aFILM AND TELEVISION IN EDUCATION / _cDRY, CHRIS |
| 260 |
_a[S.N] : _bBLUEPRINT ، _c1995 |
||
| 300 | _a341 P | ||
| 650 | 0 | 4 | _aEDUCATION |
| 650 | 0 | 4 | _aFILM |
| 650 | 0 | 4 | _aTELEVISION |
| 942 |
_2ddc _cBK |
||
| 999 |
_c10299 _d10299 |
||